Sunday morning. Oscar Pistorius / Journal :

This segment is about Oscar Pistorius, a South African Olympic runner who was arrested and charged with murder of his girlfriend model, Reeva Steenkamp.

Bibliographic Details
Format: Video
Language:English
Language Notes:In English.
Published: New York, NY : Columbia Broadcasting System, 2013.
Series:Academic Video Online
Subjects:
Online Access:Connect to this streaming video (Alexander Street Press)

MARC

Tag First Indicator Second Indicator Subfields
LEADER 00000cgm a2200000Mi 4500
001 in00005542921
006 m o c
007 cr |n||||||||a
007 vz |za|z|
008 180830s2013 nyu005 e o vueng d
005 20241201225949.0
035 |a (OCoLC)on1101021426 
040 |a ALSTP  |b eng  |e rda  |c ALSTP  |d OCLCF  |d OCLCO  |d OCLCL  |d OCLCQ  |d NUI 
019 |a 1373424242  |a 1430857513  |a 1444014388 
035 |a (OCoLC)1101021426  |z (OCoLC)1373424242  |z (OCoLC)1430857513  |z (OCoLC)1444014388 
049 |a TXAM 
245 0 0 |a Sunday morning.  |p Journal :  |b Oscar Pistorius /  |c produced by Columbia Broadcasting System. 
246 3 0 |a Journal :  |b Oscar Pistorius 
264 1 |a New York, NY :  |b Columbia Broadcasting System,  |c 2013. 
300 |a 1 online resource (5 minutes) 
306 |a 000455 
336 |a two-dimensional moving image  |b tdi  |2 rdacontent 
337 |a computer  |b c  |2 rdamedia 
337 |a video  |b v  |2 rdamedia 
338 |a online resource  |b cr  |2 rdacarrier 
347 |a video file  |2 rda 
490 0 |a Academic Video Online 
500 |a Title from resource description page (viewed April 25, 2019). 
520 |a This segment is about Oscar Pistorius, a South African Olympic runner who was arrested and charged with murder of his girlfriend model, Reeva Steenkamp. 
546 |a In English. 
600 1 0 |a Pistorius, Oscar,  |d 1986- 
600 1 7 |a Pistorius, Oscar,  |d 1986-  |2 fast  |0 (OCoLC)fst01916213  |1 https://id.oclc.org/worldcat/entity/E39PBJjHgc4Wtc3ktWP98fkv73 
650 0 |a Murder  |z South Africa. 
650 6 |a Meurtre  |z Afrique du Sud. 
650 7 |a Murder.  |2 fast  |0 (OCoLC)fst01029781 
651 7 |a South Africa.  |2 fast  |0 (OCoLC)fst01204616  |1 https://id.oclc.org/worldcat/entity/E39PBJcWtkkqd3cMmFw9GBdYT3 
655 7 |a Television news programs.  |2 fast  |0 (OCoLC)fst01710455 
655 7 |a Television news programs.  |2 lcgft 
655 7 |a Téléjournaux.  |2 rvmgf 
710 2 |a CBS Inc.,  |e production company. 
856 4 0 |u http://proxy.library.tamu.edu/login?url=https://www.aspresolver.com/aspresolver.asp?MARC;3166032  |z Connect to this streaming video (Alexander Street Press)  |t 0 
955 |a Alexander Street Press subscription streaming video 
994 |a 92  |b TXA 
999 f f |s 83e22cc6-326a-4470-9d76-94b7a9cc97b1  |i fbe7f0ec-cf7a-4fa0-b94e-567f7ae50273  |t 0 
952 f f |a Texas A&M University  |b College Station  |c Electronic Resources  |d Available Online  |t 0  |h Library of Congress classification 
998 f f |t 0  |l Available Online